000 00640nam a22002297a 4500
003 UA-OsUOA
001 94582
007 ta
008 20130214b un ||||| |||| 00| 0 ukr d
100 _aДубровский В.
090 _a821.161.1
_bД79
942 _cBK
040 _aUA-OsUOA
_brus
_cUA-OsUOA
_dUA-OsUOA
245 _aНа фарватерах Севастополя
_bповесть
300 _a221 с.
955 _a3
041 _arus
080 _a821.161.1
260 _aСимферополь
_bТаврия
_c1989
650 7 _a82 Література. Літературознавство
_2UDC
999 _c380826
_d380826